Posúdenie kvality regulácie a náhrada prechodovej charakteristiky : Kand.diz.práca : Obh. 29.08.1953 /

Guardado en:
Detalles Bibliográficos
Autor principal: Cirák, Július, 1953- (Autor)
Formato: Manuscrito Libro
Publicado: Bratislava : SVŠT v Bratislave EF, 1953
Etiquetas: Agregar Etiqueta
Sin Etiquetas, Sea el primero en etiquetar este registro!

MARC

LEADER 00000ntm a22000003a 4500
001 stu5486
005 20150617225810.5
008 ------s1953----------------------------d
040 |a STU  |b slo 
041 0
100 1 |a Cirák, Július,  |d 1953-  |4 aut  |u E060  |U FEI Fakulta elektrotechniky a informatiky  |T FEI Ústav jadrového a fyzikálneho inžinierstva  |X 2035  |U E060  |Y 817  |7 A000002035 
245 1 |a Posúdenie kvality regulácie a náhrada prechodovej charakteristiky :  |b Kand.diz.práca : Obh. 29.08.1953 /  |c [aut.] Cirák,Július, Ing 
260 |a Bratislava :  |b SVŠT v Bratislave EF,  |c 1953 
300 |a 46 s 
996 |b 284ED00215  |c E*KDIZ-3  |l EE01  |s A  |a 24  |w stu5486_0001